<?xml version="1.0" encoding="UTF-8"?>
<collection xmlns="http://www.loc.gov/MARC21/slim">
 <record>
  <leader>01250nam a2200229 a 4500</leader>
  <controlfield tag="001">1/51766</controlfield>
  <controlfield tag="008">210318s2020####gr ab    b    000 | gre d</controlfield>
  <datafield tag="020" ind1=" " ind2=" ">
   <subfield code="a">9786188153783</subfield>
  </datafield>
  <datafield tag="040" ind1=" " ind2=" ">
   <subfield code="a">GR-PeUP</subfield>
  </datafield>
  <datafield tag="082" ind1="0" ind2="0">
   <subfield code="a">720.94959 ΚΡΗ</subfield>
  </datafield>
  <datafield tag="245" ind1="1" ind2="0">
   <subfield code="a">Κρήτη : </subfield>
   <subfield code="b">οι οικισμοί της υπαίθρου /</subfield>
   <subfield code="c">Νίκος Σκουτέλης, επιμέλεια έκδοσης.</subfield>
  </datafield>
  <datafield tag="260" ind1=" " ind2=" ">
   <subfield code="a">Χανιά :</subfield>
   <subfield code="b">Εκδόσεις Πολυτεχνείου Κρήτης, </subfield>
   <subfield code="c">2020.</subfield>
  </datafield>
  <datafield tag="300" ind1=" " ind2=" ">
   <subfield code="a">186 σ. :</subfield>
   <subfield code="b">εικ., χάρτες (μερικές έγχρ.). ;</subfield>
   <subfield code="c">24 εκ.</subfield>
  </datafield>
  <datafield tag="504" ind1=" " ind2=" ">
   <subfield code="a">Περιλαμβάνει βιβλιογραφικές παραπομπές.</subfield>
  </datafield>
  <datafield tag="650" ind1=" " ind2="4">
   <subfield code="a">Αρχιτεκτονική, Οικιακή</subfield>
   <subfield code="z">Ελλάδα </subfield>
   <subfield code="z">Κρήτη.</subfield>
  </datafield>
  <datafield tag="650" ind1=" " ind2="4">
   <subfield code="a">Ελληνική παραδοσιακή αρχιτεκτονική.</subfield>
  </datafield>
  <datafield tag="650" ind1=" " ind2="0">
   <subfield code="a">Architecture, Domestic</subfield>
   <subfield code="z">Greece</subfield>
   <subfield code="z">Crete</subfield>
   <subfield code="x">History.</subfield>
  </datafield>
  <datafield tag="650" ind1=" " ind2="0">
   <subfield code="a">Vernacular architecture</subfield>
   <subfield code="z">Greece</subfield>
   <subfield code="z">Crete</subfield>
   <subfield code="x">History.</subfield>
  </datafield>
  <datafield tag="700" ind1="1" ind2=" ">
   <subfield code="a">Σκουτέλης, Νίκος.</subfield>
  </datafield>
  <datafield tag="852" ind1=" " ind2=" ">
   <subfield code="a">INST</subfield>
   <subfield code="b">UNIPILB</subfield>
   <subfield code="c">MAIN</subfield>
   <subfield code="e">20210318</subfield>
   <subfield code="h">720.94959 ΚΡΗ</subfield>
   <subfield code="p">00185006</subfield>
   <subfield code="q">00185006</subfield>
   <subfield code="t">LOAN</subfield>
   <subfield code="y">0</subfield>
   <subfield code="4">1</subfield>
  </datafield>
  <datafield tag="852" ind1=" " ind2=" ">
   <subfield code="a">INST</subfield>
   <subfield code="b">UNIPILB</subfield>
   <subfield code="c">MAIN</subfield>
   <subfield code="e">20210318</subfield>
   <subfield code="h">720.94959 ΚΡΗ</subfield>
   <subfield code="p">00185007</subfield>
   <subfield code="q">00185007</subfield>
   <subfield code="t">LOAN</subfield>
   <subfield code="y">0</subfield>
   <subfield code="4">2</subfield>
  </datafield>
  <datafield tag="852" ind1=" " ind2=" ">
   <subfield code="a">INST</subfield>
   <subfield code="b">UNIPILB</subfield>
   <subfield code="c">MAIN</subfield>
   <subfield code="e">20210318</subfield>
   <subfield code="h">720.94959 ΚΡΗ</subfield>
   <subfield code="p">00185008</subfield>
   <subfield code="q">00185008</subfield>
   <subfield code="t">LOAN</subfield>
   <subfield code="y">0</subfield>
   <subfield code="4">3</subfield>
  </datafield>
 </record>
</collection>
